000 00928nam a2200289 a 4500
001
003 DO-SdBNP
005 20240828131535.0
008 091001s2007 mx a r 000 0 spa d
020 _a9789681677056
040 _aDO-SdBNP
_bspa
_cBPMSU
082 4 _aM861.6
_bP792a 2007
_222
100 1 _aPonce, Manuel
_d1913-
245 1 0 _aAntología poética /
_cManuel Ponce ; selección y prólogo Gabriel Zaid.
260 _aMéxico:
_bFondo de Cultura Económica,
_c2007
300 _a118 p. :
_bil. ;
_c23 cm.
490 0 _aLetras mexicanas ;
_aPoesía
590 _aInventariado, 2024/VM
600 1 4 _aJesucristo
_vPoesías.
650 4 _aPoesía mexicana
650 4 _a Semana Santa
_vPoesías.
650 4 _aLiteratura mexicana
700 1 _aZaid, Gabriel,
_d1934-
_ecompilador
710 2 _aFondo de Cultura Económica (México)
910 _aVMateo V. Cotrol de calidad. BPMSU
942 _2ddc
_cBK
999 _c14785
_d14785